Music Quiz

Random Music Quiz

HCHS/HCMS Composers by Work 9 Quiz Stats

Quiz not verified by Sporcle

Challenge
Share
Tweet
Embed
Score 0/30 Timer 10:00
0 Plays Today
Work Composer % Correct
Bohemian RhapsodyQueen
93%
Jesus Christ SuperstarAndrew Lloyd Webber
85.9%
Toccata and Fugue in D MinorJS Bach
84.5%
Dr. AtomicJohn Adams
84.5%
The Damnation of FaustHector Berlioz
83.1%
ThunderstormLudwig van Beethoven
77.5%
NocturnesClaude Debussy
74.6%
OrfeoClaudio Monteverdi
73.2%
Piano Sonata No. 21, 'Waldstein'Ludwig van Beethoven
73.2%
Piano Sonata No. 8, 'Pathetique'Ludwig van Beethoven
73.2%
Kiss Me KateCole Porter
71.8%
Anvil ChorusGiuseppe Verdi
70.4%
Piano Sonata No. 29, 'Hammerklavier'Ludwig van Beethoven
70.4%
PromenadeModest Mussorgsky
66.2%
Can-CanJacques Offenbach
66.2%
Work Composer % Correct
Old Folks at HomeStephen Foster
64.8%
Symphony No. 3, 'Polish'Pyotr Ilyich Tchaikovsky
63.4%
Organ SymphonyCamille Saint-Saens
62%
Lincoln PortraitAaron Copland
62%
Cuban OvertureGeorge Gershwin
60.6%
Les PreludesFranz Liszt
59.2%
The Elixir of LoveGaetano Donizetti
59.2%
ChicagoJohn Kander
57.7%
The Swan of TuonelaJean Sibelius
56.3%
Benvenuto CelliniHector Berlioz
56.3%
CandideLeonard Bernstein
54.9%
VanessaSamuel Barber
53.5%
Annie Get Your GunIrving Berlin
53.5%
LuluAlban Berg
40.8%
Hello, Dolly!Jerry Herman
33.8%

You're not logged in!

Compare scores with friends on all Sporcle quizzes.
Join for Free
OR
Log In

You Might Also Like...

Show Comments

Extras

Created Feb 28, 2016ReportNominate
Tags:composer

Top Quizzes Today


Score Distribution

Your Account Isn't Verified!

In order to create a playlist on Sporcle, you need to verify the email address you used during registration. Go to your Sporcle Settings to finish the process.

Report this User

Report this user for behavior that violates our Community Guidelines.

Details: